Demosthenes. (Registro nro. 318423)

Detalles MARC
000 -ENCABEZADO
Número de control [NR] 02610nam a22003017a 4500
005 - FECHA Y HORA DE LA ÚLTIMA TRANSACCIÓN
control field 20220314122020.0
008 - DE LONGITUD FIJA DE DATOS DE ELEMENTOS - INFORMACIÓN GENERAL
Elementos de longitud fija [NR] 201107s1939 enk |||f||||| 001 0 mul d
020 ## - NUMERO INTERNACIONAL NORMALIZADO PARA LIBROS [R]
Número Internacional Normalizado del libro [NR] 0674993810
020 ## - NUMERO INTERNACIONAL NORMALIZADO PARA LIBROS [R]
Número Internacional Normalizado del libro [NR] 9780674993860
040 ## - FUENTE DE CATALOGACION [NR]
Quien Cataloga Sandra Yazo
Quien Clasifica Sandra Yazo
041 0# - CODIGO DE IDIOMA [R]
Código de idioma para texto/pista de sonido o título separado [R] Inglés
-- Griego
082 04 - NUMERO DE CLASIFICACION DECIMAL DEWEY [R]
Número de la edición [NR] 20
Número de clasificación [R] 885
092 ## - SIGNATURA TOPOGRAFICA LOCAL
Número de clasificación local E62N097
100 1# - ASIENTO PRINCIPAL--NOMBRE PERSONAL [NR]
Nombre personal [NR] Demóstenes
ID Autoridad 1490
242 00 - TRADUCCION DEL TITULO POR LA AGENCIA CATALOGADORA [R]
Título [NR] Demóstenes.
Parte restante del título [NR] Discursos privados ; Sobre el caso de Neaera.
Mención de responsabilidad, etc. [NR] Traducción inglesa por A. T. Murray.
Código de idioma del título traducido [NR] spa
245 10 - MENCION DE TITULO [NR]
Título [NR] Demosthenes.
Parte restante del título [NR] Private Orations ; In Neaeram.
Mención de responsabilidad, etc. [NR] With an english translation by A. T. Murray.
260 ## - PUBLICACION, DISTRIBUCION, ETC. (PIE DE IMPRENTA) [R]
Lugar de publicación, distribución, etc. [R] London [Londres] (Inglaterra)
Nombre del editor, distribuidor, etc. [R] Harvard University Press [Imprenta de la Universidad de Harvard]
Fecha de publicación, distribución, etc. [R] 1939
300 ## - DESCRIPCION FISICA [R]
Extensión [R] 2 volúmenes (viii, 419 ; xii, 451páginas)
Dimensiones [R] 16 x 11 cm.
490 0# - MENCION DE SERIE [R]
Mención de serie [R] Loeb classical Library
Designación numérica/secuencial del volumen [NR] 346 ; 351
500 ## - NOTA GENERAL [R]
Nota general [NR] Detalles físicos: Encuadernación rígida. Cartón duro forrado en tela. Lomo con adornos en dorado. En la tapa delantera anagrama en dorado. Cubierta de papel verde con solapa, que incluye datos de autor y de la obra. Guardas. Hoja de cortesía. Anteportada. Portada impresa en una sola tinta; información sobre la obra dentro de un recuadro. Pequeño grabado con el emblema de la Colección (Palas Athenea); en el círculo, la inscripción “Loeb Classical Library”. Texto muy bien impreso en una sola columna: el texto griego, con párrafos numerados, ocupa la página derecha; la traducción inglesa correspondiente a la página de la izquierda. Notas de pie de página. Incluye índice. Hojas de cortesía posteriores y guardas.
505 2# - NOTA DE CONTENIDO CON FORMATO PREESTABLECIDO [R]
Nota de contenido con formato preestablecido [NR] V.1: Discursos privados, del 41 al 49 ; Bibliografía ; Tabla con las monedas de Atenas ; Introducción ; Texto y Traducción a: Discursos en el pleito contra Spudias; en pleito contra Fenipo; en pleito contra Evergo y Mnesíbulo ; Discurso en el pleito entre Sofiteo y Macartato; en el pleito entre Aristodemos y Leocares; en el pleito entre Apolodoro y Estéfanos; en el pleito entre Calístrato y Olimpiodoro -- V.2: Bibliografía ; Tabla con las monedas de Atenas ; Discurso en el pleito entre Apolodoro y Policles; en el pleito entre Apolodoro y Calipo; en el pleito entre Apolodoro y Nicostrato: en el pleito entre Ariston y Conon; en el pleito entre el hijo de Teisias contra Calicles; en el pleito entre Darío contra Dionisiodoro
506 ## - NOTA DE RESTRICCIONES DE ACCESO [R]
Condiciones de acceso [NR] Consulta en sala
546 ## - NOTA DE IDIOMA [R]
Nota de idioma [NR] Texto en inglés y griego
650 #7 - ASIENTO SECUNDARIO DE MATERIA - TERMINO TEMATICO [R]
9 (RLIN) 20803
Término temático o nombre geográfico como elemento de entrada [NR] Oratoria griega
690 ## - ASUNTO AGREGADO LOCAL DE ENTRADA - TÉRMINO TEMÁTICO (OCLC, RLIN)
Acceso temático local Literatura griega
9 (RLIN) 76
700 14 - ASIENTO SECUNDARIO - NOMBRE PERSONAL [R]
Nombre personal [NR] Murray, A. T.
Fechas asociadas con el nombre [NR] 1866-1940
Forma más completa del nombre [NR] (Augustus Taber)
Término de relación [R] traductor
9 (RLIN) 102005
942 ## - ELEMENTOS DE ENTRADA AGREGADOS (KOHA)
Sistema de clasificación LOCAL
Tipo de ítem principal el descrito en 300a Libro
Edición 1
Clasificación E62N097
Existencias
Suprimido Perdido Sistema de clasificación Dañado No prestable Tipo de ítem específico Ubicación habitual Ubicación actual Localización Fecha de creación Forma de adquisición Volúmen / Fascículo Signatura topográfica Código de barras Última vez visto Ejemplar Price effective from Tipo de ítem
    LOCAL     Libro archivo Archivo Histórico Archivo Histórico Archivo histórico 22/12/2020 Donación V.1 E62N097 L010439 22/12/2020 Ej.1 22/12/2020 Libro
    LOCAL     Libro archivo Archivo Histórico Archivo Histórico Archivo histórico 22/12/2020 Donación V.2 E62N097 L010440 22/12/2020 Ej.1 22/12/2020 Libro